书目信息 |
| 题名: |
软土地基静动力排水固结法理论与工程技术
|
|
| 作者: | 李彰明 著 | |
| 分册: | ||
| 出版信息: | 北京 中国电力出版社 2019.10 |
|
| 页数: | 255页 | |
| 开本: | 24cm | |
| 丛书名: | ||
| 单 册: | ||
| 中图分类: | TU471.8 | |
| 科图分类: | ||
| 主题词: | 软土地基--ruan tu di ji--地基处理 | |
| 电子资源: | ||
| ISBN: | 978-7-5198-3580-4 | |
| 000 | 01524nam0 2200241 450 | |
| 001 | 2061139244 | |
| 005 | 20201107165905.02 | |
| 010 | @a978-7-5198-3580-4@dCNY58.00 | |
| 100 | @a20191029d2019 em y0chiy50 ea | |
| 101 | 0 | @achi |
| 102 | @aCN@b110000 | |
| 105 | @aa a 000yy | |
| 200 | 1 | @a软土地基静动力排水固结法理论与工程技术@Aruan tu di ji jing dong li pai shui gu jie fa li lun yu gong cheng ji shu@d= Static dynamic drainage consolidation theory and engineering technology for soft ground@f李彰明著@zeng |
| 210 | @a北京@c中国电力出版社@d2019.10 | |
| 215 | @a255页@c图@d24cm | |
| 320 | @a有书目 (第248-255页) | |
| 330 | @a本书介绍了作者创建的静动力固结法理论与技术体系及工程应用: 冲击力下水性转化、土体残余力、水珠效应及三者协同作用机理 ; 软土微观量和宏观力学量的关系, 为结构性本构理论提供了依据 ; 与土性关联荷载施加原理和控制方式, 建立了覆盖静力、夯击动力与排水体系三方面设计参数和相互适应关系计算公式, 使设计、施工质量得到可靠保障及使用便利化 ; 动力测试新技术与土性参数关系, 实现了动力响应及变形模量与承载力测试技术, 为相关理论研究和工程质量检验提供了新手段 ; 国家特大工程应用等工程实例。静动力固结法可显著改善软土性质, 具有质量、造价与工期等显著综合优势, 已在多地区重大工程中成功应用, 具有重要的科学意义和工程实用价值。 | |
| 510 | 1 | @aStatic dynamic drainage consolidation theory and engineering technology for soft ground@zeng |
| 606 | 0 | @a软土地基@Aruan tu di ji@x地基处理 |
| 690 | @aTU471.8@v5 | |
| 701 | 0 | @a李彰明@Ali zhang ming@4著 |
| 801 | 0 | @aCN@b人天书店@c20200930 |
| 905 | @aZUCC@dTU471.8@eL334 | |
| 软土地基静动力排水固结法理论与工程技术= Static dynamic drainage consolidation theory and engineering technology for soft ground/李彰明著.-北京:中国电力出版社,2019.10 |
| 255页:图;24cm |
| ISBN 978-7-5198-3580-4:CNY58.00 |
| 本书介绍了作者创建的静动力固结法理论与技术体系及工程应用: 冲击力下水性转化、土体残余力、水珠效应及三者协同作用机理 ; 软土微观量和宏观力学量的关系, 为结构性本构理论提供了依据 ; 与土性关联荷载施加原理和控制方式, 建立了覆盖静力、夯击动力与排水体系三方面设计参数和相互适应关系计算公式, 使设计、施工质量得到可靠保障及使用便利化 ; 动力测试新技术与土性参数关系, 实现了动力响应及变形模量与承载力测试技术, 为相关理论研究和工程质量检验提供了新手段 ; 国家特大工程应用等工程实例。静动力固结法可显著改善软土性质, 具有质量、造价与工期等显著综合优势, 已在多地区重大工程中成功应用, 具有重要的科学意义和工程实用价值。 |
| ● |
| 相关链接 |
|
|
|
正题名:软土地基静动力排水固结法理论与工程技术
索取号:TU471.8/L334
 
预约/预借
| 序号 | 登录号 | 条形码 | 馆藏地/架位号 | 状态 | 备注 |
| 1 | 1486310 | 214863101 | 建筑库101/101建筑库 97排4列1层/ [索取号:TU471.8/L334] | 在馆 | |
| 2 | 1486311 | 214863110 | 建筑库101/101建筑库 97排4列1层/ [索取号:TU471.8/L334] | 在馆 |